01337nam a22003254a 4500001001200000003000800012006001900020007001500039008004100054010001700095020002800112040002100140035002000161050002500181082001700206100003200223245012400255260003900379300002500418504006600443533015200509650004300661650004500704650003400749650003900783655002900822710001700851856012600868999001700994ebr10040694CaPaEBRm u cr cn|||||||||020214s2002 ctub sb 001 0 eng  z 2002022471 z0275977552 (alk. paper) aCaPaEBRcCaPaEBR a(OCoLC)5336981514aHV544.5b.H39 2002eb04a327.1/172211 aHawk, Kathleen Hill,d1963-10aConstructing the stable stateh[electronic resource] :bgoals for intervention and peacebuilding /cKathleen Hill Hawk. aWestport, Conn. :bPraeger,c2002. axii, 162 p. :bmaps. aIncludes bibliographical references (p. [139]-149) and index. aElectronic reproduction.bPalo Alto, Calif. :cebrary,d2013.nAvailable via World Wide Web.nAccess may be limited to ebrary affiliated libraries. 0aHumanitarian assistancevCase studies. 0aHumanitarian interventionvCase studies. 0aPeace-buildingvCase studies. 0aPolitical stabilityvCase studies. 7aElectronic books.2local2 aebrary, Inc.40uhttp://site.ebrary.com/lib/rucke/Doc?id=10040694zAn electronic book accessible through the World Wide Web; click to view c60511d60511